Catálogo público

The insects / (Record no. 203650)

MARC details
000 -CABECERA
campo de control de longitud fija 00853nam a2200289Ia 4500
001 - NÚMERO DE CONTROL
campo de control Para_6299
003 - IDENTIFICADOR DEL NÚMERO DE CONTROL
campo de control CHAP
008 - DATOS DE LONGITUD FIJA--INFORMACIÓN GENERAL
campo de control de longitud fija 220125s1977 xx 000 0 und d
010 ## - NÚMERO DE CONTROL DE LA BIBLIOTECA DEL CONGRESO
Número de control de LC 203650
040 ## - FUENTE DE LA CATALOGACIÓN
Centro/agencia transcriptor CHAP
082 ## - NÚMERO DE LA CLASIFICACIÓN DECIMAL DEWEY
Número de clasificación PA 595.7 I58
245 ## - MENCIÓN DE TÍTULO
Título The insects /
Mención de responsabilidad, etc. Selected and introduced by Thomas Eigner, Edward O. Wilson
260 ## - PUBLICACIÓN, DISTRIBUCIÓN, ETC.
Lugar de publicación, distribución, etc. San Francisco, Cal. :
Nombre del editor, distribuidor, etc. W. H. Freeman
300 ## - DESCRIPCIÓN FÍSICA
Extensión 334 p.
650 ## - PUNTO DE ACCESO ADICIONAL DE MATERIA--TÉRMINO DE MATERIA
Término de materia o nombre geográfico como elemento de entrada Insectos
9 (RLIN) 58888
650 ## - PUNTO DE ACCESO ADICIONAL DE MATERIA--TÉRMINO DE MATERIA
Término de materia o nombre geográfico como elemento de entrada Insectos
Subdivisión general anatomía y fisología
9 (RLIN) 164667
650 ## - PUNTO DE ACCESO ADICIONAL DE MATERIA--TÉRMINO DE MATERIA
Término de materia o nombre geográfico como elemento de entrada Insectos
Subdivisión general evolución
9 (RLIN) 58920
650 ## - PUNTO DE ACCESO ADICIONAL DE MATERIA--TÉRMINO DE MATERIA
Término de materia o nombre geográfico como elemento de entrada Insectos
Subdivisión general habitos y conducta
9 (RLIN) 58927
700 ## - PUNTO DE ACCESO ADICIONAL--NOMBRE DE PERSONA
Nombre de persona Eisnes, Thomas / Wilson Edward Osborne
9 (RLIN) 169525
901 ## - ELEMENTOS DE DATOS A LOCAL LDA (RLIN)
a PA 595.7 I58
902 ## - ELEMENTOS DE DATOS B LOCAL, LDB (RLIN)
a A
905 ## - ELEMENTOS DE DATOS E LOCAL, LDE (RLIN)
a 0000001977 a 0000000000 00
910 ## - DATOS DE OPCIÓN DEL USUARIO (OCLC)
Datos de opción del usuario 1977
942 ## - ELEMENTOS DE PUNTO DE ACCESO ADICIONAL (KOHA)
Tipo de ítem Koha Parasitologia_
942 ## - ELEMENTOS DE PUNTO DE ACCESO ADICIONAL (KOHA)
Tipo de ítem Koha Parasitologia_
-- 1
Holdings
Estado de retiro Estado de pérdida Fuente del sistema de clasificación o colocación Estado dañado Restricciones de uso No para préstamo Código de colección Localización permanente Ubicación/localización actual Fecha de adquisición Número de inventario Total de préstamos Signatura topográfica completa Código de barras Fecha visto por última vez Número de copia Precio válido a partir de Tipo de ítem Koha Nota pública
    Dewey Decimal Classification   Préstamo interno   General Parasitologia Agricola Parasitologia Agricola 27/10/2005 (PA_3610) (No. UACh C/E)   PA 595.7 I58 4102000986 25/01/2022 Ej.1 25/01/2022 Libro 3